El expediente
Gorde:
| Egile nagusia: | |
|---|---|
| Formatua: | Ezezaguna |
| Hizkuntza: | Spanish |
| Argitaratua: |
San José, Costa Rica
EDUCA
1989
|
| Gaiak: | |
| Etiketak: |
Etiketa erantsi
Etiketarik gabe, Izan zaitez lehena erregistro honi etiketa jartzen!
|
MARC
| LEADER | 000000000a22000000004500 | ||
|---|---|---|---|
| 001 | 000158 | ||
| 008 | 131204s1989 cr ||||g |||| 000 f spa d | ||
| 020 | |a 9977301417 | ||
| 040 | |a cru CIICLA Universidad de Costa Rica | ||
| 041 | 0 | |a español | |
| 100 | 1 | |a Berrón Sañudo, Linda María | |
| 245 | 1 | 0 | |a El expediente |c Linda Berrón |
| 260 | |a San José, Costa Rica |b EDUCA |c 1989 | ||
| 300 | |a 187 páginas | ||
| 650 | 4 | |a NOVELA | |
| 650 | 4 | |9 76 |a LITERATURA COSTARRICENSE | |
| 942 | |2 ddc |c BK | ||
| 999 | |c 992 |d 992 | ||



